000 00441nam a22001697a 4500
005 20250328130536.0
008 250328b |||||||| |||| 00| 0 eng d
020 _a9781787152915
041 _aeng
082 _a330 WAN
100 _aWang, Tiande
245 _aSocio Economics Of The Black Market
260 _aUK
_bKruger Brentt
_c2025
300 _a357;. pages: 26 cm
650 _aEconomics; Management Science; General
942 _cBK
999 _c43466
_d43466